Sweden : (Record no. 68106)
[ view plain ]
| 000 -LEADER | |
|---|---|
| fixed length control field | 00836cam8a220022900 4500 |
| 001 - CONTROL NUMBER | |
| control field | tmp15411971 |
| 003 - CONTROL NUMBER IDENTIFIER | |
| control field | UPRA |
| 005 - DATE AND TIME OF LATEST TRANSACTION | |
| control field | 20190815105535.0 |
| 008 - FIXED-LENGTH DATA ELEMENTS--GENERAL INFORMATION | |
| fixed length control field | 950808s1962 sw eng u |
| 035 ## - SYSTEM CONTROL NUMBER | |
| System control number | (Sirsi) r78916 |
| 035 ## - SYSTEM CONTROL NUMBER | |
| System control number | (UPRA)tmp15411971 |
| 040 ## - CATALOGING SOURCE | |
| Transcribing agency | UPRA |
| 100 1# - MAIN ENTRY--PERSONAL NAME | |
| Personal name | Schneiders, Toni. |
| Linkage | A38668.1 |
| 245 10 - TITLE STATEMENT | |
| Title | Sweden : |
| Remainder of title | a rhapsody in pictures / |
| Statement of responsibility, etc. | with a foreword by H.R.H. Prince Wilhelm of Sweden and an introduction by Alf Aberg ; photographs by Toni Schneiders and Erik Liljeroth and others. |
| 260 ## - PUBLICATION, DISTRIBUTION, ETC. | |
| Place of publication, distribution, etc. | [Malmo] : |
| Name of publisher, distributor, etc. | Allhems Forlag, |
| Date of publication, distribution, etc. | [1962] |
| 500 ## - GENERAL NOTE | |
| General note | First published in 1959. |
| 650 #0 - SUBJECT ADDED ENTRY--TOPICAL TERM | |
| Topical term or geographic name entry element | Liljeroth, Erik. |
| Linkage | S30513.1 |
| 651 #0 - SUBJECT ADDED ENTRY--GEOGRAPHIC NAME | |
| Geographic name | Sweden -- Pictorial works. |
| General subdivision | Sweden -- Pictorial works. |
| Linkage | S4990.1 |
| 700 1# - ADDED ENTRY--PERSONAL NAME | |
| Personal name | Aberg, Alf. |
| Linkage | A1401.1 |
| 949 ## - LOCAL PROCESSING INFORMATION (OCLC) | |
| a | DL613 |
| w | lcc |
| i | -108588 |
| m | MAIN |
| t | BOOK |
| l | ON-SHELF |
No items available.